Normal view
MARC view
- Batt, Lena M.
Entry Personal Name
001 - CONTROL NUMBER
- control field: 61167
003 - CONTROL NUMBER IDENTIFIER
- control field: OSt
005 - DATE AND TIME OF LATEST TRANSACTION
- control field: 20240916151129.0
008 - FIXED-LENGTH DATA ELEMENTS
- fixed length control field: 240916|| aca||aabn | a|a d
040 ## - CATALOGING SOURCE
- Original cataloging agency: OSt
- Transcribing agency: OSt
100 ## - HEADING--PERSONAL NAME
- Personal name: Batt, Lena M.
- Relator term: author.
670 ## - SOURCE DATA FOUND
- Source citation: Work cat.: (OSt): Batt, Lena M. author., Pulling back the curtain on school-level expenditures :, Spring 2023.
